000 01233nam a22003737a 4500
001 BR8401228
003 BR-BrBNA
005 20230928091903.0
007 ta
008 230509b bl.||||| |||| 00| 0 por d
040 _aBR-BrBNA
_bpor
_cBiblioteca Nacional de Agricultura
041 _a(Por)
072 _aA50; F00
_b1540
_b0600
_b/G514
090 _ 1540 BR8401228
110 1 _aCentro Nacional de Pesquisa de Mandioca e Fruticultura, Cruz das Almas, BA (Brasil)
_91783
245 1 _aRelatorio tecnico anual do Centro Nacional de Pesquisa de Mandioca e Fruticultura, 1983 [Cruz das Almas, Bahia, Brasil]
246 1 _a[Annual Technical Report of the National Research Centre on Cassava and Horticulture, 1983 [Cruz das Almas, Bahia, Brazil]]
260 3 _aCruz das Almas, BA (Brasil):
_c1983.
300 _a191 p.
500 _a34 illus.; 81 tables
650 _aMANDIOCA
650 _aFRUTICULTURA
650 _aABACAXI
650 _aBANANA
650 _aFRUTA CITRICA
650 _aMANGA
650 _aPROGRAMA DE PESQUISA
650 _aPROJETO DE PESQUISA
650 _aINSTITUICAO DE PESQUISA
650 _aCRUZ DAS ALMAS
650 _aBAHIA
909 _a202309
_bLucia
_c55
_dLucia Elande
942 _cBK
999 _c36052
_d36052